000 00844nas a2200289 4500
001 BR2015001621
003 BR-BrBNA
005 20231205125135.0
007 ta
008 230509b bl.|||p| |||| 00| 00por d
040 _aBR-BrBNA
_bpor
_cBiblioteca Nacional de Agricultura
041 _a(Pt)
072 _aF30
100 1 _aSeabra Júnior, S.
100 1 _aPereira, A.S.
100 1 _aAraujo, K.L.
245 1 _aDesempenho de cultivares de couve-chinesa em Cáceres-MT
650 _aHORTALIÇA
650 _aREPOLHO CHINÊS
650 _aGENÓTIPO
650 _aVARIEDADE RESISTENTE
650 _aTEMPERATURA
650 _aPRODUTIVIDADE
773 0 _tHorticultura Brasileira (Brazil)
_xISSN 0102-0536
_g(Oct-Dec 2014), v. 32(4) p. 504-507
_wBR2015001621
909 _a202311
_bLúcia
_c55
_dLúcia Elande
942 _2AGRIS
_n0
_cANA
999 _c242859
_d242859